Applied mathematics for engineers and physicists (Record no. 160276)

MARC details
000 -LEADER
fixed length control field 00425nam a2200157Ia 4500
008 - FIXED-LENGTH DATA ELEMENTS--GENERAL INFORMATION
fixed length control field 231217s9999 xx 000 0 und d
041 ## - LANGUAGE CODE
Language code of text/sound track or separate title English
082 ## - DEWEY DECIMAL CLASSIFICATION NUMBER
Classification number 510.02462 PIP
100 ## - MAIN ENTRY--PERSONAL NAME
Personal name Pipes, Louis A Harvill, Lawrence R
245 #0 - TITLE STATEMENT
Title Applied mathematics for engineers and physicists
250 ## - EDITION STATEMENT
Edition statement 3rd ed.
260 ## - PUBLICATION, DISTRIBUTION, ETC.
Date of publication, distribution, etc. 1987
Name of publisher, distributor, etc. M H book com.,
300 ## - PHYSICAL DESCRIPTION
Extent xxiii+1015
650 ## - SUBJECT ADDED ENTRY--TOPICAL TERM
Topical term or geographic name entry element Applied mathematics
942 ## - ADDED ENTRY ELEMENTS (KOHA)
Koha item type Books
Holdings
Date last seen Total checkouts Full call number Accession number Cost, total (INR) price Price effective from Category Lost status Damaged status Department Withdrawn status Home library Current library Shelving location Entry date Vendor Cost, normal purchase price Grants Billnumber Billdate Currency symbol Conversion rate Discount Old discount
26/01/2024   510.02462 PIP 208 147.94 26/01/2024 Books     Central Library   Central Library Central Library Library Annex 07/01/1989 Sapna Book House 10.95 MATHS 10847 01/06/1989 USD 15.89 1.64 15

© For any Suggestions or Query, please contact the library staff @ librarian@pes.edu or Phone: +9180 2672 1983/ 2108.